000 00632nam a2200181Ia 4500
003 GCL
008 140319s9999 xx 000 0 ara d
040 _aGCL /
_cGCL
082 0 4 _a810.8004
_bس ا
100 1 _aسامى حبيب رفاعى عابدين
245 1 0 _aالاتجاهات الغنائية فى قصر المأمون /
_cسامى حبيب رفاعى عابدين
260 _a[S.N] :
_bدار ميرزا ،
_c1993
300 _a364 ص
490 _aسلسلة المنتديات الثقافية فى قصر المامون
_v0
650 0 4 _aالادب العربى
650 0 4 _aالتاريخ
942 _2ddc
_cBK
999 _c44580
_d44580